000 00701nam a2200229 i 4500
001 C2-0310962
003 PPAK
005 20180728102230.0
008 110706s2009 my a|||| ||||| | zxx d
020 _a9789675366048
040 _aPPAK
_beng
_cPPAK
_erda
082 0 4 _a600
_223
090 0 0 _a600
_bUMT
_dR
245 0 0 _aUMT-MSD Postgraduate seminar ( 2009:United Kingdom ) :
_b12-13 May 2009,
264 1 _aKuala Terangganu, Terengganu :
_bUniversiti Malaysia Terangganu ,
_c2009
300 _aix, 239 pages :
_billustrations ;
_c29 cm
336 _2rdacontent
_atext
337 _2rdamedia
_aunmediated
338 _2rdacarrier
_avolume
650 1 0 _aTechnology - Congresses
942 _ddc
_cB
999 _c113261
_d113261